| 000 | 00948nam a22002297a 4500 | ||
|---|---|---|---|
| 999 |
_c7415 _d7415 |
||
| 003 | AR-CdUCM | ||
| 008 | 190320b ||||| |||| 00| 0 spa d | ||
| 040 |
_aMUNICIPALIDAD PROVINCIAL DEL CUSCO _cBIBLIOTECA MUNICIPAL DEL CUSCO |
||
| 082 |
_a839.86 / _bAN59 |
||
| 100 |
_aAndersen, Hans Christian _912210 |
||
| 245 | _aSeis cuentos del escritor danés Hans Christian Andersen / | ||
| 260 |
_aCopenhague : _bDet Berlingske Bogtrykkeri, _c1955. |
||
| 300 |
_a71 páginas ; _bilustraciones, _c21 cm. |
||
| 500 | _aDonación de la familia Nieto. Editados en ocasión del 150 aniversario de su nacimiento | ||
| 505 | _aContenido: La princesa y el guisante -- El ruiseñor -- El patito feo -- El abeto -- La niña de los fosforos -- Historia de una madre ... | ||
| 650 |
_aCuentos _9217 |
||
| 650 |
_aCuentos Daneses _912212 |
||
| 650 |
_aSiglo XIX _9971 |
||
| 700 |
_aPedersen, Vilhelm (Ilustrador) _920913 |
||
| 942 |
_2ddc _cLIBROS |
||
| 945 | _araen | ||